<?xml version="1.0" encoding="UTF-8"?>
<record
    xmlns:xsi="http://www.w3.org/2001/XMLSchema-instance"
    xsi:schemaLocation="http://www.loc.gov/MARC21/slim http://www.loc.gov/standards/marcxml/schema/MARC21slim.xsd"
    xmlns="http://www.loc.gov/MARC21/slim">

  <leader>00718nam a2200205 u 4500</leader>
  <controlfield tag="001">000055248</controlfield>
  <controlfield tag="005">20200120223032.0</controlfield>
  <controlfield tag="008">110301s2002    xxug   fr     000 0 eng d</controlfield>
  <datafield tag="041" ind1="0" ind2=" ">
    <subfield code="a">* eng</subfield>
  </datafield>
  <datafield tag="082" ind1="0" ind2="4">
    <subfield code="a">787.5</subfield>
    <subfield code="b">S89</subfield>
    <subfield code="2">21</subfield>
  </datafield>
  <datafield tag="100" ind1="1" ind2=" ">
    <subfield code="a">Suzuki, Shinichi</subfield>
    <subfield code="d">1898-1998</subfield>
  </datafield>
  <datafield tag="245" ind1="1" ind2="0">
    <subfield code="a">Bass school [M&#xFA;sica impresa] /</subfield>
    <subfield code="c">Shinichi Suzuki; Toshio Takahash.</subfield>
  </datafield>
  <datafield tag="260" ind1=" " ind2=" ">
    <subfield code="a">Estados Unidos :</subfield>
    <subfield code="b">Alfred Publishing,</subfield>
    <subfield code="c">2002.</subfield>
  </datafield>
  <datafield tag="300" ind1=" " ind2=" ">
    <subfield code="a">2 v. :</subfield>
    <subfield code="b">partituras.</subfield>
  </datafield>
  <datafield tag="505" ind1="0" ind2=" ">
    <subfield code="g">v.1 :</subfield>
    <subfield code="t">bass part --</subfield>
    <subfield code="g">v.2 :</subfield>
    <subfield code="t">bass part --</subfield>
  </datafield>
  <datafield tag="650" ind1="1" ind2="7">
    <subfield code="a">Contrabajo</subfield>
    <subfield code="x">Ense&#xF1;anza</subfield>
    <subfield code="v">Partituras</subfield>
    <subfield code="2">LEMB.</subfield>
  </datafield>
  <datafield tag="650" ind1="2" ind2="7">
    <subfield code="a">Contrabajo</subfield>
    <subfield code="v">M&#xE9;todos</subfield>
    <subfield code="2">LEMB.</subfield>
  </datafield>
  <datafield tag="650" ind1="2" ind2="7">
    <subfield code="a">M&#xFA;sica para contrabajo</subfield>
    <subfield code="x">Arreglos</subfield>
    <subfield code="v">Estudios y ejercicios</subfield>
    <subfield code="v">Partituras</subfield>
    <subfield code="2">LEMB.</subfield>
  </datafield>
  <datafield tag="700" ind1="1" ind2=" ">
    <subfield code="a">Takahashi, Toshio</subfield>
  </datafield>
  <datafield tag="999" ind1=" " ind2=" ">
    <subfield code="c">4812</subfield>
    <subfield code="d">4812</subfield>
  </datafield>
  <datafield tag="952" ind1=" " ind2=" ">
    <subfield code="0">0</subfield>
    <subfield code="1">0</subfield>
    <subfield code="2">ddc</subfield>
    <subfield code="4">0</subfield>
    <subfield code="7">0</subfield>
    <subfield code="8">GEN</subfield>
    <subfield code="a">BPMOS</subfield>
    <subfield code="b">BPMOS</subfield>
    <subfield code="d">2020-01-20</subfield>
    <subfield code="i">108228</subfield>
    <subfield code="l">0</subfield>
    <subfield code="o">787.5 S89</subfield>
    <subfield code="p">MOS004502</subfield>
    <subfield code="r">2020-01-20</subfield>
    <subfield code="t">v.2 ej.1</subfield>
    <subfield code="w">2020-01-20</subfield>
    <subfield code="y">BK</subfield>
    <subfield code="z">Ocho d&#xED;as</subfield>
  </datafield>
  <datafield tag="952" ind1=" " ind2=" ">
    <subfield code="0">0</subfield>
    <subfield code="1">0</subfield>
    <subfield code="2">ddc</subfield>
    <subfield code="4">0</subfield>
    <subfield code="7">0</subfield>
    <subfield code="8">GEN</subfield>
    <subfield code="a">BPMOS</subfield>
    <subfield code="b">BPMOS</subfield>
    <subfield code="d">2020-01-20</subfield>
    <subfield code="i">108227</subfield>
    <subfield code="l">0</subfield>
    <subfield code="o">787.5 S89</subfield>
    <subfield code="p">MOS004505</subfield>
    <subfield code="r">2020-01-20</subfield>
    <subfield code="t">v.1 ej.1</subfield>
    <subfield code="w">2020-01-20</subfield>
    <subfield code="y">BK</subfield>
    <subfield code="z">Ocho d&#xED;as</subfield>
  </datafield>
</record>
